000 01032nam a2200361 a 4500
001 00320149
003 OSt
005 20140310181803.0
008 920330s1988 ne ab b 00100 eng
020 _a0705409759
035 _aCUW000237197
049 _aul
050 _aD 111
_b.T583 1991
082 0 0 _aREF 909
_bM33 1991
090 _aD121.M34
245 0 4 _aThe March of Islam :
_bAD 600-800 /
_cby the editors of Time-Life Books.
260 0 _aAmsterdam :
_bTime-Life Books,
_cc1991.
300 _a176 p. :
_bcol. : ill. : maps ;
_c28 cm.
440 0 _aTime-Life history of the world.
500 _aIncludwes bibliographical references.
504 _aBibliography: p. 172-173.
520 _a1. World History--AD 600-800 2. Islam
521 _aBasic Ed. Students
541 _j1
541 _j2
541 _j3
650 0 _aMiddle Ages.
710 2 _aTime-Life Books.
910 _aCKC:GS:920330
942 _2lcc
_cBK-GR
_kREF
949 _aul
_b000320149
_tmono
999 _c3718
_d3718